000 00972nam2a22002291 4500
001 rc\2235446
005 20250623004410.0
035 _a(NLR Aleph) 006496942
090 _a6191189
_c6191189
100 _a20110829d1978 |||y0rusy50 ca
101 0 _arus
102 _aRU
105 _aa z |||||
200 0 _aЧ. 1
210 _d1978
_aБ. м.
215 _a34 с.
_cил.
461 0 _1001rc\2235445
_12001#$aХроматографические методы анализа$e(Метод. разраб.)$fНовосиб. гос. ун-т. Каф. аналит. химии$gСост. преп. к. х. н. Т.Д. Федотова$vЧ. 1
_94762642
_cНовосибирск
_d1978
_fНовосиб. гос. ун-т. Каф. аналит. химии
_nБ. и.
_o(Метод. разраб.)
_tХроматографические методы анализа
_vЧ. 1
801 0 _aRU
_bNLR
_gpsbo
801 1 _aRU
_bELAR
_2rusmarc
852 _aNLR
_j79-4/10900
942 _cBOOK
980 _aNB